Şu MIRAKIL'ın içinde Nazmi Yükselen (Record no. 4909)

MARC details
000 -BAŞLIK
Sabit Uzunlukta Kontrol Alanı 00834na a2200265 4500
001 - KONTROL NUMARASI
Denetim Alanı 15005
003 - KONTROL NUMARASI IDENTIFIER
Denetim Alanı MIRAKIL
005 - SON İŞLEM TARİHİ VE ZAMANI
Denetim Alanı 20181213155021.0
008 - SABİT-BOY VERİ ELEMANLARI - GENEL BİLGİLER
Sabit Uzunlukta Kontrol Alanı 160902b tu 000 0
020 ## - ULUSLARARASI STANDART KİTAP NUMARASI
Uluslararası Standart Kitap Numarası 9786056242045
035 ## - SİSTEM KONTROL NUMARASI
Sistem Kontrol Numarası 15005
040 ## - KATALOGLAMA KAYNAK
Orijinal Kataloglama Ajansı Milas
Kataloglama Dili tur
Metne Dönüştürmek Ajansı TR-AnCHP
082 ## - DEWEY ONLU SINIFLANDIRMA NUMARASI
Sınıflandırma Numarası 927 Yükselen,N.
Ürün Numarası N29 2013
090 ## - SINIFLAMA NUMARASI
Sınıflama Numarası 927 Yükselen,N. N29 2013
222 ## - ANAHTAR ADI
Anahtar Başlık Nazmi Yükselen
245 ## - BAŞLIK TABLOSU
Başlık Şu MIRAKIL'ın içinde Nazmi Yükselen
Sorumluluk Tablosu, Vb hazırlayan Halim Şafak Şanlıdağ
260 ## - YAYIN, DAĞITIM, VB
Yayın, Dağıtım, Vb Yeri [y.y]
Yayıncı, Dağıtıcı, Vs Adı MIRAKIL Belediyesi
Yayın, Dağıtım, Vb Tarihi 2013
Üretim Yeri Ankara
300 ## - FİZİKSEL TANIM
Kapsam 199 s.
Diğer Fiziksel Ayrıntıları fotg. , tbl.
Boyutlar 23 sm.
490 ## - SERİSİ TABLOSU
Seri Beyanı MIRAKIL Belediyesi Kültür yayınları
Hacim / Ardışık Tanımı 20
504 ## - KAYNAKÇA VB NOT
Kaynakça Vb Notu Kaynakça var.
600 ## - KONU KATMA GİRİŞ - KURUMSAL ADI
Kişisel Ad Yükselen, Nazmi
Bir Adıyla İlişkilendirilen Tarihler 1926-2015
Genel Alt Bölümü Yaşamöyküsü
650 ## - KONU KATMA GİRİŞ - TOPİKAL DÖNEM
Topikal Süreli Veya Coğrafi Ad Giriş Elemanı Türk müziği
Genel Alt Bölümü Anılar
700 ## - KATMA GİRİŞ - KİŞİSEL İSİM
Kişisel Ad Şanlıdağ, Halim Şafak
942 ## - EKLENDİ GİRİŞ ELEMANLARI (KOHA)
Sınıflandırma Veya Raf Düzeni Kaynak
Koha Öğesi Türü Books
999 ## - SİSTEM KONTROL NUMARALARI (KOHA)
Koha Biblionumber 4909
Koha Biblioitemnumber 4909
Holdings
Kalıcı Konum Mevcut Konum Edinme Tarihi Edinim Kaynak Toplam Check-Out'Lar Tam Çağrı Numarası Barkod Tarih Son Görülme İtibaren Geçerli Fiyatlar Koha Öğesi Türü
CHP Kütüphanesi CHP Kütüphanesi 09/02/2016 Bağış   927 Yükselen,N. N29 2013 002772 09/02/2016 09/02/2016 Books